[Event "29th Czech Open A 2018"]
[Site "Pardubice CZE"]
[Date "2018.07.22"]
[Round "3.77"]
[White "Kulkarni, Chinmay"]
[Black "Kukelko, Alexey"]
[Result "1-0"]
[WhiteElo "2336"]
[BlackElo "2196"]
[WhiteFideId "5023513"]
[BlackFideId "14153084"]
[EventDate "2018.07.20"]

1. e4 c5 2. Nf3 d6 3. d4 cxd4 4. Nxd4 Nf6 5. Nc3 Nc6 6. Bg5 e6 7. Qd2 a6 8.
O-O-O h6 9. Nxc6 bxc6 10. Bf4 d5 11. Qe3 Bb4 12. a3 Ba5 13. Be2 O-O 14. e5 Nd7
15. h4 f6 16. exf6 Qxf6 17. Bd6 Bb6 18. Qf3 Rd8 19. Qxf6 Nxf6 20. Bg3 Re8 21. f4
Bc7 22. Bf3 e5 23. fxe5 Bxe5 24. Bxe5 Rxe5 25. Rhe1 Rxe1 26. Rxe1 Kf7 27. Na4
Bf5 28. Nc5 Nd7 29. Nb7 Kf6 30. Nd6 Ne5 31. Rf1 Ke6 32. Nxf5 Kxf5 33. Bxd5+ Kg4
34. Be6+ Kxh4 35. Rf4+ Kg3 36. Re4 Nf3 37. gxf3 Kxf3 38. Bd7 Rd8 39. Bxc6 Kg3
40. Re6 Rc8 41. Rg6+ Kf4 42. Bd7 Rc7 43. Rxg7 h5 44. Rf7+ Kg3 45. Be8 Rc5 46.
Rg7+ Kf4 47. Rh7 1-0

[Event "29th Czech Open A 2018"]
[Site "Pardubice CZE"]
[Date "2018.07.22"]
[Round "3.78"]
[White "Soural, Jan"]
[Black "Mueller, Ralf1"]
[Result "1/2-1/2"]
[BlackTitle "FM"]
[WhiteElo "2192"]
[BlackElo "2335"]
[WhiteFideId "311928"]
[BlackFideId "4606612"]
[EventDate "2018.07.20"]

1. d4 Nf6 2. c4 g6 3. Nc3 d5 4. cxd5 Nxd5 5. e4 Nxc3 6. bxc3 c5 7. Be3 Bg7 8.
Nf3 Qa5 9. Qd2 Nc6 10. Rb1 cxd4 11. cxd4 Qxd2+ 12. Kxd2 O-O 13. d5 Rd8 14. Bd3
Na5 15. Rhc1 f5 16. Rc7 fxe4 17. Bxe4 b6 18. d6 Rxd6+ 19. Kc1 Rb8 20. Bf4 Rf6
21. Be5 Be6 22. Bxf6 Bxf6 23. Rxa7 Bxa2 24. Rb5 Rc8+ 25. Kd2 Kg7 26. Rxb6 Nc4+
27. Ke2 Nxb6 28. Rxa2 Rc4 29. Kd3 Rb4 30. h3 Na4 31. Ba8 Rb3+ 32. Kd2 Nc3 33.
Rc2 Rb8 34. Bc6 Rd8+ 35. Ke3 Rd6 36. Bb7 Rb6 37. Ba8 h5 38. g3 Re6+ 1/2-1/2

[Event "29th Czech Open A 2018"]
[Site "Pardubice CZE"]
[Date "2018.07.22"]
[Round "3.79"]
[White "Nguyen, Alex Dac-Vuong"]
[Black "Swicarz, Maciej"]
[Result "1/2-1/2"]
[WhiteElo "2175"]
[BlackElo "2333"]
[WhiteFideId "12984388"]
[BlackFideId "1113585"]
[EventDate "2018.07.20"]

1. e4 e5 2. Nf3 Nc6 3. Bc4 Bc5 4. c3 Nf6 5. d3 d6 6. Bb3 a5 7. O-O O-O 8. Re1
Ba7 9. h3 Ne7 10. Nbd2 Ng6 11. Nf1 Nh5 12. Bg5 Qe8 13. Nxe5 Nxe5 14. d4 Nf6 15.
Bxf6 gxf6 16. dxe5 fxe5 17. Qf3 Be6 18. Ng3 Qe7 19. Rad1 Kh8 20. Re2 Rg8 21. Bd5
Rab8 22. Nf5 Qf6 23. Rd3 Rg6 24. Kh2 Bc5 25. g3 Qg5 26. Red2 Rf8 27. Bxb7 Bc4
28. Bd5 Bxd3 29. Rxd3 Rf6 30. h4 Qc1 31. Qe2 Rb8 32. Bb3 Qb1 33. Rd1 Rxf5 34. f4
Qxd1 35. Qxd1 Rf6 36. f5 a4 37. Bd5 Rxb2+ 38. Kh3 h6 39. g4 Be3 40. g5 hxg5 41.
Qh5+ Kg8 42. hxg5 Bf4 43. gxf6 Rh2+ 44. Kg4 Rxh5 45. Kxh5 a3 46. c4 Be3 47. Kg4
Kf8 48. Bc6 Kg8 49. Kh5 1/2-1/2

[Event "29th Czech Open A 2018"]
[Site "Pardubice CZE"]
[Date "2018.07.22"]
[Round "3.80"]
[White "Wong, Gengchun"]
[Black "Goluch, Piotr"]
[Result "1-0"]
[BlackTitle "FM"]
[WhiteElo "2162"]
[BlackElo "2332"]
[WhiteFideId "12963283"]
[BlackFideId "1137840"]
[EventDate "2018.07.20"]

1. e4 c6 2. d4 d5 3. Nc3 dxe4 4. Nxe4 Bf5 5. Ng3 Bg6 6. h4 h6 7. Nf3 e6 8. Ne5
Bh7 9. Bd3 Bxd3 10. Qxd3 Nd7 11. f4 Bb4+ 12. c3 Bd6 13. Be3 Ngf6 14. O-O-O O-O
15. Ne4 Nxe4 16. Qxe4 Nf6 17. Qf3 Qa5 18. Kb1 Qd5 19. Qh3 h5 20. Rhe1 b5 21. Bc1
g6 22. Ka1 Kg7 23. b3 c5 24. c4 bxc4 25. dxc5 Qxc5 26. Nxc4 Be7 27. Bb2 Rad8 28.
Rc1 Qf5 29. Qf3 Kh7 30. Ne5 Bb4 31. Re2 Nd5 32. a3 Bd6 33. g3 Rc8 34. Nc4 Be7
35. Ka2 Qg4 36. Qg2 a5 37. a4 Qf5 38. Qe4 Qg4 39. Rd1 Qxg3 40. Rxd5 exd5 41. Qd4
Rg8 42. Rxe7 dxc4 43. Rxf7+ Kh6 44. Qd7 Qxb3+ 45. Ka1 1-0

[Event "29th Czech Open A 2018"]
[Site "Pardubice CZE"]
[Date "2018.07.22"]
[Round "3.81"]
[White "Schroeder, Kevin"]
[Black "Hrdina, Robin"]
[Result "1/2-1/2"]
[WhiteTitle "FM"]
[WhiteElo "2329"]
[BlackElo "2193"]
[WhiteFideId "12929840"]
[BlackFideId "339342"]
[EventDate "2018.07.20"]

1. d4 Nf6 2. c4 e6 3. Nf3 b6 4. g3 Bb7 5. Bg2 Be7 6. O-O O-O 7. d5 exd5 8. Nh4
c6 9. cxd5 Nxd5 10. Nf5 d6 11. Bxd5 cxd5 12. Nc3 Re8 13. Nxd5 Bf8 14. Bf4 Nc6
15. f3 Ne5 16. e4 Rc8 17. Rf2 Bxd5 18. Qxd5 Rc5 19. Qb3 d5 20. Rd1 Qf6 21. Ne3
dxe4 22. fxe4 Qe6 23. Qxe6 Rxe6 24. Rd8 Nc6 25. Ra8 f6 26. Nf5 Kf7 27. Rd2 Rxe4
28. Rxf8+ Kxf8 29. Bd6+ Kg8 30. Bxc5 bxc5 31. Rd6 Re5 32. Rxc6 Rxf5 33. Rc8+ Kf7
34. Rc7+ Kg6 35. Rxa7 Rd5 36. Rb7 Rd2 37. Rb5 Rc2 38. a4 c4 39. Rb7 c3 40. bxc3
Rxc3 41. a5 Ra3 42. Ra7 Ra2 43. a6 h5 44. Ra8 Kf5 45. a7 1/2-1/2

[Event "29th Czech Open A 2018"]
[Site "Pardubice CZE"]
[Date "2018.07.22"]
[Round "3.82"]
[White "Bulockin, Martin"]
[Black "Gheng, Josef"]
[Result "1/2-1/2"]
[BlackTitle "FM"]
[WhiteElo "2154"]
[BlackElo "2328"]
[WhiteFideId "371610"]
[BlackFideId "4618041"]
[EventDate "2018.07.20"]

1. e4 e5 2. Nf3 Nc6 3. Bb5 a6 4. Ba4 Nf6 5. O-O b5 6. Bb3 Be7 7. d3 d6 8. a4 Na5
9. axb5 Nxb3 10. cxb3 Bb7 11. bxa6 Bxa6 12. b4 O-O 13. Nc3 Qd7 14. Re1 Rfb8 15.
d4 exd4 16. Qxd4 c6 17. Bg5 Qb7 18. e5 dxe5 19. Qxe5 Bxb4 20. Bxf6 gxf6 21. Qxf6
Bd3 22. Rad1 Bg6 23. Ne5 Bf8 24. Nxc6 Ra6 25. Ne7+ Bxe7 26. Qxe7 Qxe7 27. Rxe7
Rxb2 28. Re2 Rb3 29. Nd5 Rd3 30. Ne7+ Kg7 31. Rde1 Rd7 32. Nxg6 hxg6 33. h4 Ra4
34. g3 Raa7 35. Kg2 Rdc7 36. Kh3 Rcb7 37. Re3 Ra6 38. g4 Rb2 39. Kg3 Rf6 40. f3
Rb7 41. Rc1 Rfb6 42. Rc5 Rb5 43. Rc8 Rb8 44. Rcc3 Rb1 45. Rc7 R8b7 46. Rxb7 1/2-1/2

[Event "29th Czech Open A 2018"]
[Site "Pardubice CZE"]
[Date "2018.07.22"]
[Round "3.83"]
[White "Thrish, Karthik"]
[Black "Vyskocil, Neklan"]
[Result "0-1"]
[BlackTitle "IM"]
[WhiteElo "2145"]
[BlackElo "2327"]
[WhiteFideId "46626433"]
[BlackFideId "307106"]
[EventDate "2018.07.20"]

1. e4 g6 2. d4 Bg7 3. Nc3 d6 4. f4 Nf6 5. Nf3 O-O 6. Bd3 Nc6 7. O-O Bg4 8. Be3
e5 9. fxe5 dxe5 10. d5 Nd4 11. Be2 Nxe2+ 12. Qxe2 Nh5 13. Qf2 b6 14. Bg5 f6 15.
Be3 f5 16. exf5 Rxf5 17. Qe2 e4 18. d6 cxd6 19. Nxe4 d5 20. Nc3 Qf8 21. Rad1 Rd8
22. Bc1 Qc5+ 23. Kh1 Ng3+ 24. hxg3 Rh5+ 25. Nh2 Bxe2 26. Nxe2 Qxc2 27. Nf4 Rf5
28. Ng4 Qc6 29. Rfe1 Re8 30. Bd2 d4 31. Rxe8+ Qxe8 32. Re1 Qf7 0-1

[Event "29th Czech Open A 2018"]
[Site "Pardubice CZE"]
[Date "2018.07.22"]
[Round "3.85"]
[White "Polak, Benedikt"]
[Black "Barp, Alberto"]
[Result "1/2-1/2"]
[BlackTitle "FM"]
[WhiteElo "2126"]
[BlackElo "2317"]
[WhiteFideId "317012"]
[BlackFideId "872555"]
[EventDate "2018.07.20"]

1. Nf3 d5 2. e3 Nf6 3. c4 e6 4. Nc3 Bd6 5. b3 b6 6. Bb2 Bb7 7. cxd5 exd5 8. Rc1
a6 9. d4 Nbd7 10. g3 O-O 11. Bg2 Re8 12. O-O Qe7 13. Ne2 Ne4 14. Nf4 a5 15. Qc2
a4 16. Ne5 axb3 17. axb3 Ra2 18. Nxd7 Qxd7 19. Ra1 Rxa1 20. Rxa1 Nf6 21. Ra7 Qc6
22. Qxc6 Bxc6 23. Ba3 Bxa3 24. Rxa3 Ra8 25. Rxa8+ Bxa8 26. b4 Bc6 27. h4 Kf8 28.
Kf1 Ke7 29. Ke1 Kd6 30. f3 h6 31. g4 g5 32. hxg5 hxg5 33. Nd3 Nd7 34. Kd2 Bb5
35. Bf1 Nb8 36. Be2 Na6 37. Kc3 c5 38. bxc5+ bxc5 39. dxc5+ Nxc5 40. Kd2 Bxd3
41. Bxd3 Ke5 42. Bf5 d4 43. exd4+ Kxd4 44. Ke2 Na4 45. Kf2 Nc3 46. Bc8 Nd5 47.
Bb7 Nf4 48. Ba8 Kd3 49. Bb7 Kd2 50. Bc6 Nd3+ 51. Kg3 Ke3 52. Bb7 Nf4 53. Ba6 f6
54. Bb7 Ke2 55. Ba6+ Ke1 56. Bb5 Ne2+ 57. Kg2 1/2-1/2

[Event "29th Czech Open A 2018"]
[Site "Pardubice CZE"]
[Date "2018.07.22"]
[Round "3.86"]
[White "Nyysti, Sampsa"]
[Black "Volodin, Viktor"]
[Result "1/2-1/2"]
[WhiteTitle "IM"]
[BlackTitle "IM"]
[WhiteElo "2314"]
[BlackElo "2188"]
[WhiteFideId "502138"]
[BlackFideId "4108701"]
[EventDate "2018.07.20"]

1. e4 c5 2. Nf3 Nc6 3. Bb5 g6 4. O-O Bg7 5. c3 Nf6 6. d4 cxd4 7. cxd4 d5 8. Ne5
Bd7 9. Nxd7 Nxd7 10. e5 Qb6 11. Nc3 e6 12. Be3 a6 13. Bxc6 bxc6 14. Na4 Qb5 15.
Rc1 O-O 16. b3 Rfc8 17. Rc2 c5 18. dxc5 Bxe5 19. Bd4 Bxd4 20. Qxd4 Rc6 21. Rfc1
Rac8 22. f4 a5 23. Kf2 Qb4 24. Ke3 Qxd4+ 25. Kxd4 Rb8 26. g3 Rb4+ 27. Ke3 f6 28.
Rd1 Re4+ 29. Kf3 Rb4 30. Rc3 Kf7 31. Ke3 Re4+ 32. Kf3 Rb4 33. Ke3 Re4+ 34. Kf3 1/2-1/2

[Event "29th Czech Open A 2018"]
[Site "Pardubice CZE"]
[Date "2018.07.22"]
[Round "3.87"]
[White "Blodig, Constantin"]
[Black "Krapivin, Vladislav"]
[Result "0-1"]
[BlackTitle "IM"]
[WhiteElo "2107"]
[BlackElo "2310"]
[WhiteFideId "24696790"]
[BlackFideId "4126149"]
[EventDate "2018.07.20"]

1. e4 d6 2. Nc3 Nf6 3. f4 c5 4. Nf3 a6 5. g3 g6 6. Bg2 Bg7 7. O-O O-O 8. h3 b5
9. d3 Bb7 10. g4 b4 11. Ne2 Nc6 12. Qe1 Nd7 13. h4 e6 14. h5 Re8 15. Kh2 a5 16.
Rb1 a4 17. Qg3 Qe7 18. Bh3 Ba6 19. f5 Nce5 20. hxg6 hxg6 21. Ng5 Bf6 22. fxe6
Bxg5 23. exd7 Red8 24. Bxg5 Qxg5 25. Qf4 Qxf4+ 26. Nxf4 Rxd7 27. Nd5 Rb7 28. b3
Bb5 29. Rf6 axb3 30. axb3 Ra2 31. Rxd6 Rxc2+ 32. Kg3 Rb8 33. g5 Kg7 34. Ra1 Nxd3
35. Nf6 Ne5 36. Rh1 Rc3+ 37. Kf4 Nd3+ 38. Rxd3 Rxd3 39. Bc8 Kf8 40. Ba6 Rdd8 41.
Bxb5 Rxb5 42. Rh8+ Ke7 43. Nd5+ Kd7 44. Rh7 Rf8 45. Ke5 Rb7 46. Ne3 Kc6 47. Kf6
Re8 48. Rxf7 Rxf7+ 49. Kxf7 Rxe4 50. Nc4 Rxc4 51. bxc4 b3 0-1

[Event "29th Czech Open A 2018"]
[Site "Pardubice CZE"]
[Date "2018.07.22"]
[Round "3.88"]
[White "Haring, Filip"]
[Black "Debevec, Blaz"]
[Result "0-1"]
[WhiteTitle "FM"]
[WhiteElo "2310"]
[BlackElo "2169"]
[WhiteFideId "14933080"]
[BlackFideId "14605813"]
[EventDate "2018.07.20"]

1. e4 c5 2. Nf3 Nc6 3. d4 cxd4 4. Nxd4 Nf6 5. Nc3 e5 6. Ndb5 d6 7. Bg5 a6 8. Na3
b5 9. Nd5 Be7 10. Bxf6 Bxf6 11. c3 Bg5 12. Nc2 Rb8 13. a4 bxa4 14. Ncb4 Bd7 15.
Bxa6 Nxb4 16. cxb4 O-O 17. O-O Bc6 18. Rxa4 Bxa4 19. Qxa4 Kh8 20. b5 f5 21. exf5
Qd7 22. Qc4 Qxf5 23. f3 Bd8 24. Qc6 Qd3 25. Bb7 Bg5 26. Ra1 e4 27. f4 Bxf4 28.
Nxf4 Qe3+ 29. Kh1 Qxf4 30. h3 e3 31. Re1 Qf2 32. Qc3 Rxb7 33. Rxe3 Rc7 34. Qd4
Re7 35. Rf3 Qe1+ 0-1

[Event "29th Czech Open A 2018"]
[Site "Pardubice CZE"]
[Date "2018.07.22"]
[Round "3.89"]
[White "Kucza, Karol"]
[Black "Polyakov, Fedor"]
[Result "1-0"]
[WhiteTitle "FM"]
[WhiteElo "2308"]
[BlackElo "2165"]
[WhiteFideId "1159755"]
[BlackFideId "11602953"]
[EventDate "2018.07.20"]

1. e4 c5 2. Nf3 Nc6 3. d4 cxd4 4. Nxd4 Nf6 5. Nc3 e5 6. Ndb5 h6 7. Nd5 Nxd5 8.
exd5 a6 9. Nc3 Nd4 10. Bd3 d6 11. O-O Be7 12. f4 O-O 13. f5 Bg5 14. Bxg5 Qxg5
15. f6 g6 16. Ne4 Qe3+ 17. Kh1 Bf5 18. Re1 Qf4 19. c3 Nb5 20. a4 Nc7 21. Rf1 Qg4
22. Nxd6 Qxd1 23. Raxd1 Bg4 24. Rde1 Rad8 25. Nxb7 Rxd5 26. Be4 Rd2 27. b4 Be6
28. Rd1 Ra2 29. Nc5 Bc4 30. Bd3 Bxd3 31. Rxd3 e4 32. Rd7 Ne6 33. Nxe6 fxe6 34.
h4 Rf7 35. Re7 Rxa4 36. Re8+ Rf8 37. Rxe6 Ra3 38. c4 Rb3 39. Rb6 e3 40. Kg1 Kf7
41. c5 e2 42. Re1 Re8 43. Kf2 Rb2 44. g3 g5 45. hxg5 hxg5 46. c6 Kxf6 47. c7+
Kf7 48. Rxa6 Rxb4 49. Rc6 Rc8 50. Rxe2 Rb7 51. Rec2 Rb3 52. R2c3 Rb4 53. R6c4
Rb5 54. Kf3 Ke6 55. Kg4 Ra5 56. Rc5 Raa8 57. Kxg5 Rg8+ 58. Kh4 Rac8 59. g4 Rg7
60. g5 Kd6 61. Rc6+ Ke5 62. Kg4 Rf7 63. g6 Rf1 64. Kg5 Rg1+ 65. Kh6 Rh1+ 66. Kg7
Rhh8 67. R3c5+ Kf4 68. Rd6 Rce8 69. Rd4+ Ke3 70. Rd8 Rhg8+ 71. Kf6 Rgf8+ 72. Kg5
Rxd8 73. cxd8=Q Rxd8 74. g7 Rd1 75. Kg6 Rg1+ 1-0

[Event "29th Czech Open A 2018"]
[Site "Pardubice CZE"]
[Date "2018.07.22"]
[Round "3.90"]
[White "Nun, Jiri"]
[Black "Svanda, Ondrej"]
[Result "1-0"]
[WhiteTitle "IM"]
[WhiteElo "2306"]
[BlackElo "2111"]
[WhiteFideId "300179"]
[BlackFideId "359670"]
[EventDate "2018.07.20"]

1. e4 c5 2. Nf3 e6 3. b3 d6 4. Bb2 Nf6 5. e5 dxe5 6. Nxe5 Nbd7 7. f4 Nxe5 8.
fxe5 Nd7 9. Bd3 g6 10. Qe2 Bg7 11. Na3 O-O 12. O-O Nb6 13. Nb5 Bd7 14. Nd6 Nc8
15. Ne4 Qc7 16. Nf6+ Bxf6 17. exf6 Nd6 18. Qe3 Ne8 19. Be5 Qb6 20. c4 Bc6 21.
Rf4 Qd8 22. Raf1 1-0

[Event "29th Czech Open A 2018"]
[Site "Pardubice CZE"]
[Date "2018.07.22"]
[Round "3.91"]
[White "Ilic, Zoran S"]
[Black "Kuchar, Matej"]
[Result "1-0"]
[WhiteTitle "IM"]
[WhiteElo "2303"]
[BlackElo "2108"]
[WhiteFideId "901733"]
[BlackFideId "358207"]
[EventDate "2018.07.20"]

1. d4 Nf6 2. Nf3 g6 3. g3 Bg7 4. Bg2 O-O 5. b3 d6 6. Bb2 Nbd7 7. O-O c5 8. c4
Rb8 9. Nc3 a6 10. a4 b6 11. d5 Qc7 12. Qd2 Bb7 13. Rad1 Rfd8 14. h3 Nf8 15. e4
e5 16. Ne1 Nh5 17. Qe2 Bc8 18. Kh2 f5 19. exf5 Bxf5 20. Nd3 Re8 21. Qd2 Qf7 22.
Rde1 Rb7 23. Nc1 Bd7 24. Ne4 Qe7 25. Nd3 Bf5 26. g4 Bxe4 27. Rxe4 Nf6 28. Ree1
Qd7 29. f4 exf4 30. Nxf4 Rbb8 31. Ne6 Nxe6 32. dxe6 Qe7 33. g5 Nh5 34. Rf7 Qd8
35. e7 Qc7 36. Bd5 1-0

[Event "29th Czech Open A 2018"]
[Site "Pardubice CZE"]
[Date "2018.07.22"]
[Round "3.92"]
[White "Green, Andrew D"]
[Black "Kozusek, Daniel"]
[Result "0-1"]
[WhiteTitle "CM"]
[WhiteElo "2074"]
[BlackElo "2302"]
[WhiteFideId "2401762"]
[BlackFideId "349500"]
[EventDate "2018.07.20"]

1. d4 e6 2. Nf3 f5 3. c4 Nf6 4. Nc3 Bb4 5. Bd2 O-O 6. g3 c5 7. dxc5 Bxc5 8. Bg2
Ne4 9. O-O Qb6 10. e3 Qxb2 11. Nxe4 fxe4 12. Ng5 Be7 13. Nxe4 Nc6 14. Qb3 Qxb3
15. axb3 d5 16. Nc3 dxc4 17. bxc4 Ne5 18. Nb5 Nxc4 19. Bc3 Bd7 20. Rfb1 Bc5 21.
Bd4 Rf5 22. Bxc5 Rxc5 23. Nd4 Ra5 24. Bxb7 Rb8 25. Bc6 Rxb1+ 26. Rxb1 Bxc6 27.
Nxc6 Ra6 28. Rb8+ Kf7 29. Rb7+ Kf6 30. Nxa7 Ra1+ 31. Kg2 Ra2 32. Nc6 Nxe3+ 33.
Kf3 Nd1 34. Nd4 Rxf2+ 35. Ke4 Nc3+ 36. Kd3 Nd5 37. h4 h5 38. Rb8 Ra2 39. Rf8+
Ke7 40. Rh8 Ra3+ 41. Kc4 g6 42. Rg8 Kf7 43. Rd8 Rxg3 44. Kc5 Rg4 45. Nc6 Rxh4
46. Kd6 Re4 47. Ne5+ Kf6 48. Rf8+ Kg5 49. Kxe6 Nb6 50. Rf6 Rxe5+ 0-1

[Event "29th Czech Open A 2018"]
[Site "Pardubice CZE"]
[Date "2018.07.22"]
[Round "3.93"]
[White "Mladek, Richard"]
[Black "Sinauridze, Simons"]
[Result "1-0"]
[WhiteElo "2299"]
[BlackElo "2088"]
[WhiteFideId "386588"]
[BlackFideId "11604468"]
[EventDate "2018.07.20"]

1. d4 f5 2. c4 Nf6 3. Nc3 e6 4. g3 Be7 5. Bg2 O-O 6. Nf3 d5 7. O-O c6 8. b3 h6
9. a4 Nbd7 10. Qc2 Ne4 11. Ne5 Bf6 12. Ba3 Re8 13. Rad1 Qb6 14. Nxe4 fxe4 15.
Bd6 Bxe5 16. dxe5 Qd8 17. h4 Kh8 18. f3 exf3 19. Rxf3 dxc4 20. bxc4 Rg8 21. Rf7
Qb6+ 22. c5 Qb4 23. Qg6 Qc3 24. Be4 1-0

[Event "29th Czech Open A 2018"]
[Site "Pardubice CZE"]
[Date "2018.07.22"]
[Round "3.94"]
[White "Heinemann, Josefine"]
[Black "Milikow, Elie"]
[Result "1/2-1/2"]
[WhiteTitle "WIM"]
[WhiteElo "2294"]
[BlackElo "2081"]
[WhiteFideId "12900460"]
[BlackFideId "371281868"]
[EventDate "2018.07.20"]

1. e4 c5 2. Nf3 Nc6 3. Bb5 g6 4. Bxc6 bxc6 5. O-O Bg7 6. Re1 Nf6 7. e5 Nd5 8. c4
Nc7 9. d4 cxd4 10. Qxd4 Ne6 11. Qh4 O-O 12. Bh6 f6 13. Bxg7 Kxg7 14. exf6+ exf6
15. Nc3 f5 16. Qxd8 Rxd8 17. Rad1 d6 18. Rd2 Kf6 19. b3 Bb7 20. Red1 Ke7 21. h4
Rd7 22. Re1 Kf6 23. g3 Re8 24. Na4 Red8 25. Rde2 Re8 26. c5 d5 27. Ne5 Rde7 28.
f4 Nd4 29. Nd7+ Rxd7 30. Rxe8 Nf3+ 31. Kf2 Nxe1 32. Kxe1 Ba6 33. Nc3 d4 34. Nb1
Rd5 35. b4 Bd3 36. Nd2 a5 37. a3 axb4 38. axb4 Rd7 39. Nb3 Bc4 40. Na5 Bb5 41.
Kd2 Rc7 42. Rd8 Re7 43. Rxd4 Re2+ 44. Kd1 Re4 45. Rxe4 fxe4 46. Nb7 e3 47. Nd6
Bd3 48. g4 Ke6 49. Nc8 Kd7 50. Nb6+ Ke6 51. Ke1 Bb5 52. Kd1 h5 53. gxh5 gxh5 54.
Nc8 Bd3 55. Nd6 Kf6 56. b5 cxb5 57. c6 b4 58. c7 Ba6 59. Nc4 e2+ 60. Ke1 Ke6 61.
Kd2 b3 62. Nb2 Kd7 63. Na4 Kxc7 64. f5 Kd6 65. f6 Ke6 66. Nc5+ Kxf6 67. Nxb3 Kf5
68. Nd4+ Kg4 69. Nxe2 Kf3 70. Nd4+ Kg4 71. Ne6 Kxh4 72. Ng7 Kh3 73. Nxh5 Be2 74.
Kxe2 1/2-1/2

[Event "29th Czech Open A 2018"]
[Site "Pardubice CZE"]
[Date "2018.07.22"]
[Round "3.95"]
[White "Iliaguev, Daniel"]
[Black "Mertanen, Janne"]
[Result "1/2-1/2"]
[BlackTitle "FM"]
[WhiteElo "2073"]
[BlackElo "2292"]
[WhiteFideId "2818434"]
[BlackFideId "501875"]
[EventDate "2018.07.20"]

1. d4 Nf6 2. Bg5 e6 3. Nf3 h6 4. Bf4 c5 5. e3 d5 6. c3 Bd6 7. Nbd2 Bxf4 8. exf4
Qd6 9. g3 b6 10. Bb5+ Bd7 11. Bd3 Nc6 12. O-O O-O 13. Re1 a5 14. Bb5 Nxd4 15.
Nxd4 cxd4 16. Bxd7 dxc3 17. Nc4 Qc7 18. Bb5 dxc4 19. bxc3 Rfd8 20. Qa4 Qc5 21.
Re5 Rd5 22. Qxc4 Rxe5 23. fxe5 Qxe5 24. Rd1 h5 25. Qc6 Rb8 26. Qd6 Qxd6 27. Rxd6
Ne4 28. Rc6 Nc5 29. Kg2 g5 30. Kf3 Kg7 31. Ke3 Kf6 32. a4 Nd7 33. f4 gxf4+ 34.
gxf4 Nf8 35. Be2 Ng6 36. Bxh5 Ne7 37. Rc4 Rh8 38. Bf3 Rxh2 39. Rc7 Ra2 40. Rc4
Nf5+ 41. Kd3 Ne7 42. Rd4 Ng6 43. Ke3 Ra3 44. Rc4 Ke7 45. Bc6 Kd6 46. Be8 e5 47.
f5 Ne7 48. Bxf7 Nxf5+ 49. Ke4 Ne7 50. Kd3 Ra1 51. Rh4 Rf1 52. Rh6+ Kc5 53. Be8
Rf3+ 54. Kd2 Rf8 55. Bb5 Rd8+ 56. Ke2 Rd6 57. Rh8 Kd5 58. Re8 Ke6 59. Ke3 Kf7
60. Ke4 Ng6 61. Rc8 Kf6 62. Rc7 Nf4 63. Rc8 Ne6 64. Ke3 Nc5 65. Rf8+ Kg5 66.
Rg8+ Kf5 67. Rf8+ Rf6 68. Rh8 Rg6 69. Rh5+ Ke6 70. c4 Kd6 71. Rh8 e4 72. Re8
Rg3+ 73. Ke2 Ne6 74. Kd2 e3+ 75. Kd3 Rh3 76. Kc2 Nf4 77. Re4 e2 78. c5+ Kxc5 79.
Bxe2 Rh4 80. Bb5 Rh2+ 81. Kb3 Rh3+ 82. Kb2 Rh2+ 83. Kb3 Rh3+ 1/2-1/2

[Event "29th Czech Open A 2018"]
[Site "Pardubice CZE"]
[Date "2018.07.22"]
[Round "3.96"]
[White "Monnisha, G K"]
[Black "Fisar, Josef"]
[Result "1/2-1/2"]
[WhiteTitle "WIM"]
[WhiteElo "2292"]
[BlackElo "2073"]
[WhiteFideId "5009936"]
[BlackFideId "322040"]
[EventDate "2018.07.20"]

1. e4 d5 2. exd5 Qxd5 3. Nc3 Qd6 4. d4 Nf6 5. Nf3 a6 6. Ne5 Nc6 7. Nxc6 Qxc6 8.
Bf4 Be6 9. Qd2 Nd5 10. Nxd5 Bxd5 11. f3 Rd8 12. b3 Qb6 13. Be2 e6 14. Rd1 Bd6
15. Bxd6 Qxd6 16. O-O O-O 17. Qe3 b5 18. c3 Qb6 19. Rd2 a5 20. f4 g6 21. h4 Qc6
22. Bd1 h5 23. Qg3 Kh7 24. Re1 Be4 25. Qe3 Bf5 26. a3 b4 27. axb4 axb4 28. c4
Qd6 29. Bf3 c5 30. Red1 cxd4 31. Qxd4 Qxd4+ 32. Rxd4 Rxd4 33. Rxd4 Bc2 34. Bd1
Bxd1 35. Rxd1 Ra8 36. Kf2 Ra2+ 37. Kf3 Rc2 38. Rd3 Kg7 39. g3 Kf6 40. Ke4 Ke7
41. Ke5 Rc1 42. Kd4 Kd6 43. Ke3+ Kc5 44. Kd2 Rg1 45. Ke2 Rg2+ 46. Kf3 Rc2 1/2-1/2

[Event "29th Czech Open A 2018"]
[Site "Pardubice CZE"]
[Date "2018.07.22"]
[Round "3.97"]
[White "Hesse, Henrik"]
[Black "Slovak, Kilian"]
[Result "1/2-1/2"]
[WhiteElo "2057"]
[BlackElo "2285"]
[WhiteFideId "12952060"]
[BlackFideId "365440"]
[EventDate "2018.07.20"]

1. c4 Nf6 2. g3 g6 3. Bg2 Bg7 4. Nc3 O-O 5. e3 d6 6. Nge2 e5 7. d3 c6 8. O-O Be6
9. Rb1 Qd7 10. b4 Bh3 11. b5 Bxg2 12. Kxg2 d5 13. cxd5 cxd5 14. Ba3 Rc8 15. Na4
Qf5 16. b6 Nbd7 17. Be7 axb6 18. Nxb6 Nxb6 19. Rxb6 Rxa2 20. Rxb7 h5 21. Nc1
Rac2 22. Ne2 d4 23. Bxf6 Qxf6 24. e4 Qa6 25. Rd7 Qa2 26. Ng1 Rd2 27. Qf3 Rcc2
28. Nh3 Qe6 29. Rd8+ Bf8 30. Rb1 Rb2 31. Ra1 Ra2 32. Rb1 Rdb2 33. Rc1 Rc2 34.
Rb1 Rab2 1/2-1/2

[Event "29th Czech Open A 2018"]
[Site "Pardubice CZE"]
[Date "2018.07.22"]
[Round "3.98"]
[White "Ludvik, Tomas"]
[Black "Mosesov, Danylo"]
[Result "1/2-1/2"]
[BlackTitle "FM"]
[WhiteElo "2048"]
[BlackElo "2282"]
[WhiteFideId "367664"]
[BlackFideId "14149494"]
[EventDate "2018.07.20"]

1. d4 g6 2. Nf3 Bg7 3. c3 Nf6 4. Bg5 O-O 5. Nbd2 h6 6. Bh4 d6 7. e3 Qe8 8. Bd3
e5 9. dxe5 dxe5 10. Bxf6 Bxf6 11. O-O Nd7 12. b4 Bg7 13. e4 Nf6 14. Nc4 Nh5 15.
Re1 Qe7 16. g3 Rd8 17. Ne3 c6 18. Qe2 Bh3 19. Rad1 a5 20. a3 axb4 21. axb4 Qf6
22. Bc4 b5 23. Rxd8+ Rxd8 24. Bb3 Kh7 25. Ra1 Qe7 26. Ra6 Qd7 27. Ne1 Nf6 28. f3
h5 29. Bc2 Qd2 30. Qxd2 Rxd2 31. Bb3 Bh6 32. N3c2 Re2 33. Rxc6 Bg5 34. Rc7 Kh6
35. Rc6 Kg7 36. Rc7 Kh6 37. Rc6 1/2-1/2

[Event "29th Czech Open A 2018"]
[Site "Pardubice CZE"]
[Date "2018.07.22"]
[Round "3.99"]
[White "Serrano Salvador, Eduardo"]
[Black "Narendran, Gouthaman"]
[Result "1-0"]
[WhiteTitle "FM"]
[WhiteElo "2280"]
[BlackElo "2044"]
[WhiteFideId "2214075"]
[BlackFideId "46673989"]
[EventDate "2018.07.20"]

1. d4 Nf6 2. Nf3 d5 3. g3 e6 4. Bg2 b5 5. Bg5 Be7 6. O-O Bb7 7. c3 Nbd7 8. a4
bxa4 9. Qxa4 O-O 10. Nbd2 c5 11. Bxf6 Bxf6 12. Nb3 Qc7 13. Rfc1 Rfc8 14. e3 Bc6
15. Qa3 c4 16. Na5 Nb6 17. Nxc6 Qxc6 18. e4 Qb5 19. Nd2 Re8 20. Ra2 Bg5 21. f4
Be7 22. Qa5 Qd7 23. Rca1 h6 24. Nb1 Bd8 25. Qa6 Kh8 26. Ra5 Qc6 27. exd5 exd5
28. Bxd5 Qd7 29. Bxa8 Nxa8 30. Re5 Rxe5 31. fxe5 Nb6 32. Qxa7 Qd5 33. Qb8 Kh7
34. Qd6 1-0